ბათუმის შოთა რუსთაველის სახელმწიფო უნივერსიტეტის ბიბლიოთეკა

New English File : (ბიბ.ჩანაწერი № 57743)

000 -LEADER
fixed length control field 00728nam a22002057a 4500
005 - DATE AND TIME OF LATEST TRANSACTION
control field 20201109125338.0
008 - FIXED-LENGTH DATA ELEMENTS--GENERAL INFORMATION
fixed length control field 201021s2010 enk||||| |||| 00| 0 eng d
020 ## - INTERNATIONAL STANDARD BOOK NUMBER
International Standard Book Number 9780194594639
041 ## - LANGUAGE CODE
Language code of text/sound track or separate title eng
080 ## - UNIVERSAL DECIMAL CLASSIFICATION NUMBER
Universal Decimal Classification number 811.111.1 O-97
100 ## - MAIN ENTRY--PERSONAL NAME
Personal name Oxenden, Clive
9 (RLIN) 9651
245 ## - TITLE STATEMENT
Title New English File :
Remainder of title Advanced Workbook with Key /
Statement of responsibility, etc. Clive Oxenden, Cristina Latham-Koenig with Jane Hudson.
264 ## - PRODUCTION, PUBLICATION, DISTRIBUTION, MANUFACTURE, AND COPYRIGHT NOTICE
Place of production, publication, distribution, manufacture Oxford :
Name of producer, publisher, distributor, manufacturer Oxford university press,
Date of production, publication, distribution, manufacture, or copyright notice 2010.
300 ## - PHYSICAL DESCRIPTION
Extent 87 p.
Other physical details 30 cm.
653 ## - INDEX TERM--UNCONTROLLED
keyword ინგლისური ენა
653 ## - INDEX TERM--UNCONTROLLED
keyword სამუშაო რვეული
700 ## - ADDED ENTRY--PERSONAL NAME
Personal name Latham-Koenig, Cristina
Relator term ავტორი
9 (RLIN) 9652
700 ## - ADDED ENTRY--PERSONAL NAME
Personal name Hudson, Jane
Relator term ავტორი
9 (RLIN) 9653
942 ## - ADDED ENTRY ELEMENTS (KOHA)
Source of classification or shelving scheme
Koha item type წიგნი
ეგზემპლარები
Withdrawn status Lost status Source of classification or shelving scheme Damaged status Not for loan Permanent Location Current Location Shelving location Date acquired Cost, normal purchase price Full call number Barcode Date last seen Copy number Price effective from Koha item type Public note
          ბათუმის შოთა რუსთაველის სახელმწიფო უნივერსიტეტის მთავარი ბიბლიოთეკა ბათუმის შოთა რუსთაველის სახელმწიფო უნივერსიტეტის მთავარი ბიბლიოთეკა წიგნსაცავი 2020-10-21 6.00 811.111.1 O-97 61085 2020-10-21 61085 2020-10-21 წიგნი 6 ლ.